000 00860nam a2200277Ia 4500
003 OSt
005 20220926013347.0
006 a|||||r|||| 00| 0
007 ta
008 220923b |||||||| |||| 00| 0 eng d
020 _a0030802717
037 _cGeneral Book
040 _aRTL
_cRTL
_beng
041 _2eng
_aeng
082 _aS:(B), L2
100 _aGreen Paul E
_9125402
245 0 _aApplied multidimensioanl scaling
_b A comparison of
260 _aNew York
_bHolt Rinehart and Winston
_c1972
300 _axviii,292p
_ccm.
490 _aEditor's Series in Marketing. Ed by Paul E Green and Philip Kotler
500 _aBibliography: P 273-84; Appendix: P 152-272
650 _aPsychology
700 _a Rao Vithala R
_9296210
942 _hS:(B), L2
_cGB
_2CC
999 _c625778
_d625778